Tercer gesto

Guardado en:
Bibliografiske detaljer
Hovedforfatter: Guillén, Rafael
Format: Bog
Sprog:Undetermined
Udgivet: Madrid, España Cultura Hispánica 1967
Fag:
Tags: Tilføj Tag
Ingen Tags, Vær først til at tagge denne postø!

MARC

LEADER 00000nam a2200000Ia 4500
008 170316s9999 xx 000 0 und d
040 |a cru BVZT 
090 |a 862 G-49t 
100 |a Guillén, Rafael 
245 |a Tercer gesto 
260 |a Madrid, España 
260 |b Cultura Hispánica 
260 |c 1967 
300 |a 60 páginas 
650 |a LITERATURA ESPAÑOLA 
999 |c 9953  |d 9953 
942 |c 15 D  |h 862 G-49t  |2 z